| 000 | 00375nam a22001337a 4500 | ||
|---|---|---|---|
| 020 | _a0-07-001551-1 | ||
| 082 | _a621.902 PRA'A | ||
| 100 |
_aAMERICAN MACHINIST _976724 |
||
| 245 | _aPRACTICAL IDAES, FOR METALWORKING OPERATIONS TOOLING AND MAINTENANCE | ||
| 260 |
_bMCGRAW HILL _c1984 |
||
| 300 | _a333P | ||
| 650 |
_aMETAL WORK PRODUCTION ENGINEERING _976725 |
||
| 942 | _cBK | ||
| 999 |
_c582066 _d582066 |
||